00350pab a2200133 454500008004000000100002200040245004300062260000900105300001400114362000800128650002800136700001900164773003300183180718b2008 xxu||||| |||| 00| 0 eng d aBernhard, William aCabinet collapses and currency crashes c2008 ap.517-31. aSep aPolitics and government aLeblang, David aPolitical Research Quarterly